[Event "Schleswig Holstein-ch U16 MT"]
[Site "Neumuenster"]
[Date "2005.03.23"]
[Round "8"]
[White "Lohrie, Matthias"]
[Black "Neumann, Marcel"]
[Result "1-0"]
[WhiteElo "1706"]
[BlackElo "1427"]
[PlyCount "29"]
[EventDate "2005.03.19"]
[EventType "tourn"]
[EventRounds "9"]
[EventCountry "GER"]
[SourceTitle "EXT 2007"]
[Source "ChessBase"]
[SourceDate "2006.11.23"]
[SourceVersion "1"]
[SourceVersionDate "2006.11.23"]
[SourceQuality "1"]

1. e4 e6 2. d4 d5 3. Nc3 Bb4 4. e5 c5 5. a3 Bxc3+ 6. bxc3 Ne7 7. Bd3 0-0 8. Nf3 h6 9. Bf4 Nbc6 10. Qd2 Bd7 11. Bxh6 gxh6 12. Qxh6 f5 13. exf6 Nf5 14. Qg6+ Kh8 15. Ng5 1-0

[Event "Schleswig Holstein-ch U16 MT"]
[Site "Neumuenster"]
[Date "2005.03.21"]
[Round "5"]
[White "Magnussen, Helge"]
[Black "Neumann, Marcel"]
[Result "1-0"]
[WhiteElo "1717"]
[BlackElo "1427"]
[PlyCount "43"]
[EventDate "2005.03.19"]
[EventType "tourn"]
[EventRounds "9"]
[EventCountry "GER"]
[SourceTitle "EXT 2007"]
[Source "ChessBase"]
[SourceDate "2006.11.23"]
[SourceVersion "1"]
[SourceVersionDate "2006.11.23"]
[SourceQuality "1"]

1. d4 d5 2. c4 c6 3. Nc3 Nf6 4. Bg5 Nbd7 5. e3 a6 6. cxd5 cxd5 7. Bd3 e6 8. Nf3 Bd6 9. 0-0 0-0 10. Rc1 b5 11. e4 dxe4 12. Nxe4 Be7 13. Nc5 Nd5 14. Bxe7 Qxe7 15. Be4 N7f6 16. Bb1 Bb7 17. Ne5 Nb6 18. f4 Bd5 19. f5 Rfd8 20. fxe6 Bxe6 21. Nc6 Qd6 22. Nb7 1-0

[Event "Schleswig Holstein-ch U16 VMB"]
[Site "Neumuenster"]
[Date "2004.03.25"]
[Round "8"]
[White "Neumann, Marcel"]
[Black "Sochart, Tim"]
[Result "1-0"]
[WhiteElo "1287"]
[BlackElo "751"]
[PlyCount "79"]
[EventDate "2004.03.20"]
[EventType "swiss"]
[EventRounds "9"]
[EventCountry "GER"]
[SourceTitle "EXT 2006"]
[Source "ChessBase"]
[SourceDate "2005.11.24"]
[SourceVersion "1"]
[SourceVersionDate "2005.11.24"]
[SourceQuality "1"]

1. d4 d5 2. c4 e5 3. dxe5 Nc6 4. Nf3 f6 5. exf6 Nxf6 6. cxd5 Nxd5 7. e4 Nde7 8. Qxd8+ Nxd8 9. Bg5 Ne6 10. Bxe7 Bxe7 11. Bc4 Bc5 12. Nc3 Bd7 13. 0-0 0-0-0 14. Rad1 Nf4 15. Nd5 Nxd5 16. Rxd5 Be7 17. Ne5 Rhf8 18. Rxd7 Rxd7 19. Nxd7 Kxd7 20. Rd1+ Kc8 21. Be6+ Kb8 22. Rd7 Bf6 23. b3 a6 24. f3 Re8 25. Bc4 Kc8 26. Rd1 b5 27. Bd5 Kd7 28. Bf7+ Ke7 29. Bxe8 Kxe8 30. Kf2 c5 31. Ke3 c4 32. bxc4 bxc4 33. Rc1 c3 34. Kd3 Ke7 35. Rxc3 Bxc3 36. Kxc3 Kf6 37. Kb4 Kg5 38. Ka5 Kf4 39. Kxa6 Ke3 40. e5 1-0

[Event "Schleswig Holstein-ch U16 VMB"]
[Site "Neumuenster"]
[Date "2004.03.23"]
[Round "6"]
[White "Neumann, Marcel"]
[Black "Peters, Soeren"]
[Result "1-0"]
[WhiteElo "1287"]
[BlackElo "1146"]
[PlyCount "51"]
[EventDate "2004.03.20"]
[EventType "swiss"]
[EventRounds "9"]
[EventCountry "GER"]
[SourceTitle "EXT 2006"]
[Source "ChessBase"]
[SourceDate "2005.11.24"]
[SourceVersion "1"]
[SourceVersionDate "2005.11.24"]
[SourceQuality "1"]

1. d4 d5 2. c4 e6 3. Nc3 Nf6 4. Nf3 Bb4 5. e3 Ne4 6. Qc2 Nc6 7. Bd3 Nxc3 8. bxc3 Be7 9. 0-0 g6 10. Re1 0-0 11. e4 Re8 12. cxd5 exd5 13. exd5 Qxd5 14. c4 Qd8 15. Bb2 Nb4 16. Qc3 Nxd3 17. Qxd3 Bb4 18. Re2 Bf5 19. Rxe8+ Qxe8 20. Qb3 Qe7 21. a3 Ba5 22. Qxb7 Re8 23. Qxa7 Bb6 24. Qa4 Bg4 25. Qb4 Qe2 26. Re1 1-0

[Event "Schleswig Holstein-ch U16 VMB"]
[Site "Neumuenster"]
[Date "2004.03.21"]
[Round "2"]
[White "Neumann, Marcel"]
[Black "Riebesell, Bastian"]
[Result "1-0"]
[WhiteElo "1287"]
[BlackElo "929"]
[PlyCount "51"]
[EventDate "2004.03.20"]
[EventType "swiss"]
[EventRounds "9"]
[EventCountry "GER"]
[SourceTitle "EXT 2006"]
[Source "ChessBase"]
[SourceDate "2005.11.24"]
[SourceVersion "1"]
[SourceVersionDate "2005.11.24"]
[SourceQuality "1"]

1. d4 d6 2. e4 Nc6 3. Nf3 Bg4 4. Bb5 Qd7 5. d5 Nf6 6. dxc6 bxc6 7. Bd3 Qe6 8. Nc3 d5 9. Qe2 g6 10. exd5 cxd5 11. Qxe6 Bxe6 12. Bg5 Bg7 13. Bxf6 Bxf6 14. Kd2 0-0 15. b3 c6 16. Rae1 Bd7 17. Ne5 Bxe5 18. Rxe5 e6 19. Na4 Rac8 20. Nc5 Rc7 21. Nxd7 Rxd7 22. Rc1 Re7 23. c4 Rd8 24. cxd5 cxd5 25. Ke2 Kg7 26. Rc6 1-0